GLSL essentials
Αποθηκεύτηκε σε:
| Κύριος συγγραφέας: | |
|---|---|
| Μορφή: | Βιβλίο |
| Γλώσσα: | English |
| Δημοσίευση: |
Birmingham :
Packt publishing,
c2013.
|
| Θέματα: | |
| Ετικέτες: |
Προσθήκη ετικέτας
Δεν υπάρχουν, Καταχωρήστε ετικέτα πρώτοι!
|
MARC
| LEADER | 00000cam a2200000 a 4500 | ||
|---|---|---|---|
| 001 | 1/124119 | ||
| 008 | 220111t2013####uk | ||| |||| ||eng|| | ||
| 020 | |a 9781849698009 | ||
| 040 | |a GR-MyUa |b gre |c GR-MyUa |e AACR2 | ||
| 041 | 0 | |a eng | |
| 082 | 7 | |a 006.6 |2 (23) | |
| 100 | 1 | |a Rodriguez, Jacobo. | |
| 245 | 1 | 0 | |a GLSL essentials / |c Jacobo Rodriguez.Learn OpenGL : |
| 260 | |a Birmingham : |b Packt publishing, |c c2013. | ||
| 300 | |a iii, 99 σ. : |b εικ. ; |c 24 εκ. | ||
| 504 | |a Ευρετήριο [97-99]. | ||
| 630 | 0 | 0 | |a OpenGL. |
| 650 | 0 | |a Computer graphics. | |
| 650 | 0 | |a C++ (Computer program language) | |
| 852 | |a INST |b SAMOS |e 20220111 |h 006.6 ROD |p 005300047069 |q 005300047069 |t BK |y 0 | ||
| 970 | |a Γουβάλα |b Βάσω |z 11/01/2022 | ||